Statistics for Countries that have Starbucks

Click here to take the quiz!

General Stats

  • This quiz has been taken 56 times
    (14 since last reset)
  • The average score is 70 of 82

Answer Stats

Starbucks StoresAnswer% Correct
59Australia
100%
19Belgium
100%
2,359Canada
100%
91Chile
100%
6,000China
100%
26Czech Republic
100%
21Denmark
100%
66Egypt
100%
9Finland
100%
121France
100%
161Germany
100%
270India
100%
18Italy
100%
1,415Japan
100%
531Mexico
100%
9Morocco
100%
22New Zealand
100%
17Norway
100%
5Panama
100%
81Peru
100%
112Russia
100%
54South Africa
100%
1,080South Korea
100%
17Sweden
100%
562Turkey
100%
138United Arab Emirates
100%
1,214United Kingdom
100%
15,041United States
100%
100Argentina
90%
4Bolivia
90%
122Brazil
90%
24Colombia
90%
31Greece
90%
16Hungary
90%
480Indonesia
90%
67Ireland
90%
30Kazakhstan
90%
89Kuwait
90%
59Netherlands
90%
72Poland
90%
11Portugal
90%
18Qatar
90%
54Romania
90%
8Slovakia
90%
107Spain
90%
550Taiwan
90%
410Thailand
90%
12Uruguay
90%
1Andorra
80%
20Austria
80%
21Cambodia
80%
12Costa Rica
80%
11El Salvador
80%
4Luxembourg
80%
1Monaco
80%
11Oman
80%
1Paraguay
80%
351Saudi Arabia
80%
5Serbia
80%
125Singapore
80%
63Switzerland
80%
87Vietnam
80%
2Algeria
70%
4Azerbaijan
70%
19Bahrain
70%
14Bulgaria
70%
11Cyprus
70%
5Dominican Republic
70%
7Guatemala
70%
14Jordan
70%
2Laos
70%
4Malta
70%
401Philippines
70%
12The Bahamas
70%
15Trinidad and Tobago
70%
1Tunisia
70%
41Lebanon
60%
3Barbados
50%
1Guyana
50%
12Jamaica
50%
327Malaysia
50%
4Brunei
30%

Score Distribution

Percentile by Number Answered

Percent of People with Each Score

Your Score History

You have not taken this quiz since the last reset